Host Countries for the Summer Olympic Games - Statistics

General Stats
  • This quiz has been taken 26 times
  • The average score is 29 of 30
Answer Stats
Year Country % Correct
1976 Canada
100%
1900 France
100%
1924 France
100%
2024 France
100%
1936 Germany
100%
1896 Greece
100%
2004 Greece
100%
1960 Italy
100%
1964 Japan
100%
2020 Japan
100%
1968 Mexico
100%
1980 Soviet Union
100%
1992 Spain
100%
1908 United Kingdom
100%
1948 United Kingdom
100%
2012 United Kingdom
100%
1904 United States
100%
1932 United States
100%
1984 United States
100%
1996 United States
100%
1956 Australia
96%
2000 Australia
96%
2016 Brazil
96%
2008 China
96%
1988 South Korea
92%
1912 Sweden
83%
1920 Belgium
79%
1928 Netherlands
79%
1972 West Germany
79%
1952 Finland
67%
No matching quizzes found
Score Distribution
Percent of People with Each Score
Percentile by Number Answered
Your Score History
You have not taken this quiz